000 00610nam a2200181 a 4500
001 000020951
005 20241030141145.0
008 100824s1979 dr 001 0 spa d
040 _aDO-SdBNP
_bspa
_cBNPHU
082 _axxxx
_bG934g
100 _aGuerrero, Miguel,
_d1945-
_914303
245 1 3 _aLa generación de mis padres /
_cMiguel Guerrero ; prólogo María Ugarte.
260 _aSanto Domingo :
_bEditorial del Caribe,
_c1979.
300 _a226 p. ;
_c22 cm.
500 _aIncluye referencias bibliográficas del autor en la contracubierta
700 1 _aUgarte, María
_d1914-2011
_924078
049 _aBNPD
999 _c20454
_d20454